| 000 | 01338nam a2200277Ia 4500 | ||
|---|---|---|---|
| 999 |
_c54859 _d54859 |
||
| 001 | 21928 | ||
| 003 | GE_BSU | ||
| 005 | 20220817124845.0 | ||
| 008 | 181216s ||||ge |||||||||||||| ||geo|| | ||
| 020 | _a9789994094462 | ||
| 040 | _cGE_BSU | ||
| 041 | _ageo | ||
| 080 | _a811.353.2'36 ს-45 | ||
| 245 |
_aსვანური ენა : _b(გრამატიკული მიმოხილვა, ტექსტები, ლექსიკონი) / _cშემდგ. : ზ. ჭუმბურიძე, ლ. ნიჟარაძე, რ. ქურდაძე ; რედ. და წინასიტყვ. ზ. ჭუმბურიძე. |
||
| 264 |
_aთბილისი : _bპეტიტი, _c2007. |
||
| 300 |
_a388 გვ. ; _c20 სმ. |
||
| 504 | _aბიბლიოგრ. გვ. : 373-386 | ||
| 541 | _h12ლ. | ||
| 653 | _aსვანური ენა | ||
| 653 | _aსვანური ენის გრამატიკა | ||
| 700 |
_aჭუმბურიძე, ზ. _eშემდგენელი _97722 |
||
| 700 |
_aნიჟარაძე, ლ. _eშემდგენელი _914529 |
||
| 700 |
_aქურდაძე, რ. _eშემდგენელი _914530 |
||
| 700 |
_aჭუმბურიძე, ზ. _eრედაქტორი _97722 |
||
| 942 |
_cBK _2udc |
||